000 00248nam a2200109Ia 4500
008 260210s9999 xx 000 0 und d
020 _a97875609460301
100 _aHustp
245 0 _aVogue Design II: Club (P/B)
260 _bHustp
942 _cBDES
999 _c14140
_d14140